Responses for Show #4765 - Friday, April 29, 2005

2005 Ultimate Tournament of Champions Round 2, game 13.

Contestants

[<< previous game]

Brian Weikle, a consultant from Minneapolis, Minnesota

Michael Rankins, a minister and writer from Rohnert Park, California

Grace Veach, a librarian from Lakeland, Florida

[next game >>]

Jeopardy! Round responses

THE CIVIL WAR
(Alex: You have to name the program as we give you...)
TV THEME SONGS
THE NAME OF THE GAME
THAT'S ELEMENT-ARY
NASCAR SPONSORS
"D" DAY
    $200 21
(Alex: Brian will never forgive you for getting in ahead of him.)

Gettysburg

Grace
    $200 1
Happy Days

Brian
    $200 11
Monopoly

Grace
    $200 6
potassium chloride

Michael
    $200 24
Budweiser

Grace
    $200 9
the Danube

Brian
    $400 22
Napoleon III

Brian
    $400 2
Joan of Arcadia

Triple Stumper
    $400 12
hangman

Brian
    $400 7
helium

Brian
    $400 25
Dodge

Brian
    $400 17
(Grace: What is Discover?)
...
(Alex: Yes, I thought you'd said that, but you said "Discover".)

the Discovery Channel

GraceBrian
    $600 23
Court House

Grace
    $600 3
All in the Family

Brian
    $600 14
Trivial Pursuit

Brian
    $600 8
cadmium

Grace
    $600 28
Home Depot

Brian
    $600 18
a Dictaphone

Brian
    $800 26
McClellan

Grace
    $800 4
Gilligan's Island

Michael
    $800 15
charades

Brian
    $800 10
actinium

Grace
    $800 29
Lowe's

Brian
    $800 19
Moshe Dayan

Brian
    $1,000 27
(Grace: What is Pennsylvania?)
(Alex: No, you had to come much further west to [*].)

California

Grace
    $1000 5
The Greatest American Hero

Brian
    $1000 16
Pac-Man

Michael
    $1000 13
carbon

Brian
    $1000 30
DuPont

Brian
    $1000 20
a duct

Brian

Scores at the first commercial break (after clue 16):

Grace Michael Brian
$1,600 $2,000 $5,200

Scores at the end of the Jeopardy! Round:

Grace Michael Brian
$2,000 $2,000 $11,200

Double Jeopardy! Round responses

WHERE AM I?
SIDESHOW CINEMA
AMERICAN "W"RITERS
IN THE NAVY
RELIGION
QUASI-RELATED PAIRS
    $400 11
(Alex: She's in [*], and that's as much as we're going to say!)

Hyde Park

Triple Stumper
    $400 21
Elvis Presley

Brian
    $400 6
Parson Weems

Grace
    $400 22
bells

Brian
    $400 1
[Grace selected the first clue.]

Latter-Day Saints

Grace
    $400 12
Fish & chips

Brian
    $800 17
Haight

Grace
    $800 29
W.C. Fields

Brian
    $800 7
Theodore White

Triple Stumper
    $800 23
Teddy Roosevelt

Brian
    $800 2
buddha

Michael
    $800 13
(Grace: Who are [*]?)
(Alex: No.)
[Murmur from judges]
(Alex: Hobbe? She did? Okay, I'm sorry. My hearing is going.)

Calvin & Hobbes

Grace
    $1200 18
Park City

Michael
    $1200 27
Something Wicked This Way Comes

Grace
    $7,600 8
(Alex: Hey, hey hey! You could take the lead away from Brian.)
(Grace: Let's make it a True Daily Double.)

(Herman) Wouk

Grace
    $1200 24
Corsairs

Triple Stumper
    $1200 3
bishop

Grace
    $1200 14
(Alex: Think of basketball, professional basketball: [*].)

Bird & Magic

Triple Stumper
    $1600 19
Sedona

Brian
    $1600 28
(Alex: It was called [*]. Scary film.)

Nightmare Alley

Triple Stumper
    $1600 9
Eudora Welty

Brian
    $1600 25
(Alex: For Jimmy Carter, yes.)

1980

Brian
    $3,600 4
(Alex: All right, you're doing what you have to do. You've moved up to $3600; you seem to like this category.)
(Grace: I'll bet it all.)

canon

Grace
    $1600 15
a falcon & a snowman

Brian
    $2000 20
Merritt Island

Grace
    $2000 30
Toby Tyler

Triple Stumper
    $2000 10
(Nathanael) West

Grace
    $2000 26
(Michael: What is Kuwait?)

Bahrain

GraceMichael
    $2000 5
Jainism

Brian
    $2000 16
scull & Bones

Brian

Scores at the end of the Double Jeopardy! Round:

Grace Michael Brian
$24,000 $2,000 $24,400

[wagering suggestions for these scores]

Final Jeopardy! Round responses

19th CENTURY AMERICAN ART
(Alex: [To Michael] You're on the right track. It's from Isaiah, but it's wrong.)
...
(Alex: "And the wolf shall lie with the lamb" and all that... And it's going to cost you how much?)
(Brian: A lot.)
MichaelWhat is The Lion and the Lamb?
$0
GraceWhat is Peaceful Broth
$500
BrianWhat is Crossing the Nile
$24,000
Hicks's Peaceable Kingdom

Final scores:

Grace Michael Brian
$23,500 $2,000 $400
Winner: $23,500 + an advance to UToC Round 3 2nd place: $10,000 3rd place: $10,000 + $15,000 as a member of the Nifty Nine

Game dynamics:

Coryat scores:

Grace Michael Brian
$16,600 $2,000 $24,400
18 R
(including 2 DDs),
2 W
(including 1 DD)
5 R,
1 W
29 R,
0 W

Combined Coryat: $43,000

[game clues] [game scores] [suggest correction]

Game tape date: 2005-03-29
The J! Archive is created by fans, for fans. Scraping, republication, monetization, and malicious use prohibited; this site may use cookies and collect identifying information. See terms. The Jeopardy! game show and all elements thereof, including but not limited to copyright and trademark thereto, are the property of Jeopardy Productions, Inc. and are protected under law. This website is not affiliated with, sponsored by, or operated by Jeopardy Productions, Inc. Join the discussion at JBoard.tv.